[Event "CZE-chT1E 1011"]
[Site "Czech Republic"]
[Date "2010.11.14"]
[Round "3.4"]
[White "Splichal, Stanislav"]
[Black "Bolacky, Jiri"]
[Result "1/2-1/2"]
[WhiteElo "2201"]
[BlackElo "2237"]
[PlyCount "30"]
[EventDate "2010.10.10"]
[EventType "team-tourn"]
[EventRounds "11"]
[EventCountry "CZE"]
[SourceTitle "EXT 2012"]
[Source "ChessBase"]
[SourceDate "2011.11.24"]
[SourceVersion "1"]
[SourceVersionDate "2011.11.24"]
[SourceQuality "1"]
[WhiteTeam "Ostrava Mittal"]
[BlackTeam "Poruba Slavoj"]
[WhiteTeamCountry "CZE"]
[BlackTeamCountry "CZE"]

1. d4 Nf6 2. Nf3 g6 3. g3 Bg7 4. Bg2 0-0 5. 0-0 c5 6. c4 cxd4 7. Nxd4 d5 8. cxd5 Nxd5 9. Nc3 Nxc3 10. bxc3 Qa5 11. Qb3 Nd7 12. Qa3 Qxa3 13. Bxa3 Bf6 14. Rab1 Nb6 15. Nb5 Bf5 1/2-1/2

[Event "CZE-chT1E 0910"]
[Site "Czech Republic"]
[Date "2010.02.07"]
[Round "8.5"]
[White "Bolacky, Jiri"]
[Black "Olsarova, Karolina"]
[Result "1-0"]
[WhiteElo "2248"]
[BlackElo "2165"]
[PlyCount "155"]
[EventDate "2009.11.15"]
[EventType "team-tourn"]
[EventRounds "11"]
[EventCountry "CZE"]
[SourceTitle "EXT 2011"]
[Source "ChessBase"]
[SourceDate "2010.11.26"]
[SourceVersion "1"]
[SourceVersionDate "2010.11.26"]
[SourceQuality "1"]
[WhiteTeam "Poruba"]
[BlackTeam "Orlova Slavia"]
[WhiteTeamCountry "CZE"]
[BlackTeamCountry "CZE"]

1. e4 e5 2. Nf3 Nc6 3. Bb5 Nf6 4. 0-0 Nxe4 5. Re1 Nd6 6. Nxe5 Nxe5 7. Rxe5+ Be7 8. Bd3 0-0 9. Nc3 Bf6 10. Re3 g6 11. Nd5 Bd4 12. Re2 c6 13. Ne7+ Kg7 14. c3 Bf6 15. Nxc8 Nxc8 16. Bc2 d5 17. d4 Qc7 18. Qd3 Nb6 19. Qf3 Rfe8 20. Bf4 Qd7 21. Rae1 Rxe2 22. Qxe2 Nc4 23. Bd3 Nd6 24. Qf3 Re8 25. Re3 Nf5 26. Bxf5 Rxe3 27. Bh6+ Kh8 28. Qxe3 gxf5 29. Qg3 Qe8 30. Kf1 b6 31. Qc7 Bg7 32. Bf4 c5 33. dxc5 Qb5+ 34. Kg1 Qxc5 35. Qd8+ Qf8 36. Qxd5 Qe8 37. Kf1 h6 38. Qxf5 Qa4 39. g3 Qxa2 40. Qc8+ Kh7 41. Qf5+ Kg8 42. Qc2 Qd5 43. Kg1 Qf3 44. h3 Qd5 45. Kh2 b5 46. Be3 a5 47. Qd2 Qb3 48. Bd4 Qc4 49. Bxg7 Kxg7 50. Kg1 a4 51. Qd7 Qb3 52. Qg4+ Kh7 53. Qf5+ Kg7 54. Qe5+ Kh7 55. Qe4+ Kg7 56. Qd4+ Kh7 57. Qd2 Kg7 58. g4 Kh7 59. h4 Qc4 60. f3 Qc5+ 61. Kg2 Qc4 62. Qe3 Qb3 63. Qe4+ Kg8 64. Qe8+ Kg7 65. Qe5+ Kg8 66. Qe2 Kg7 67. Kg3 Qd5 68. Qe4 Qb3 69. Qd4+ Kg8 70. Qd2 Kh7 71. h5 Qc4 72. Qf4 Qb3 73. Qf5+ Kg8 74. g5 Qxb2 75. Qc8+ Kg7 76. gxh6+ Kxh6 77. Qh8+ Kg5 78. f4+ 1-0

[Event "CZE-chT1E 0910"]
[Site "Czech Republic"]
[Date "2009.11.15"]
[Round "1.5"]
[White "Vrana, Frantisek"]
[Black "Bolacky, Jiri"]
[Result "1-0"]
[WhiteElo "2285"]
[BlackElo "2248"]
[PlyCount "141"]
[EventDate "2009.11.15"]
[EventType "team-tourn"]
[EventRounds "11"]
[EventCountry "CZE"]
[SourceTitle "EXT 2011"]
[Source "ChessBase"]
[SourceDate "2010.11.26"]
[SourceVersion "1"]
[SourceVersionDate "2010.11.26"]
[SourceQuality "1"]
[WhiteTeam "Stare Mesto"]
[BlackTeam "Poruba"]
[WhiteTeamCountry "CZE"]
[BlackTeamCountry "CZE"]

1. e4 c5 2. Nf3 Nc6 3. g3 g6 4. d4 cxd4 5. Nxd4 Bg7 6. Ne2 Nf6 7. Nbc3 d6 8. Bg2 0-0 9. 0-0 Rb8 10. a4 a6 11. Nd5 b5 12. axb5 axb5 13. h3 Nd7 14. Re1 Nc5 15. Rb1 e6 16. Ne3 Na4 17. b3 Nc3 18. Nxc3 Bxc3 19. Bd2 Bg7 20. Ng4 h5 21. Nh2 b4 22. Nf3 Qc7 23. Bg5 Na7 24. Qc1 Re8 25. Bh6 Bh8 26. Nd2 Nb5 27. Nc4 Nd4 28. Ra1 Bb7 29. Ra5 Ra8 30. Rxa8 Rxa8 31. Bf4 Ne2+ 32. Rxe2 Ra1 33. Qxa1 Bxa1 34. Bxd6 Qc6 35. Bxb4 Ba6 36. Re1 Bd4 37. e5 Qd7 38. Nd6 Qa7 39. Ne4 Bxe5 40. Bc5 Qc7 41. b4 Bc4 42. f4 Bg7 43. Nd6 Bd5 44. Bxd5 exd5 45. Ne8 Qd7 46. Nxg7 Qxh3 47. Ne8 Qxg3+ 48. Kf1 h4 49. Re2 h3 50. Bg1 Qf3+ 51. Ke1 Qh1 52. Kf1 Qf3+ 53. Ke1 Qg3+ 54. Kf1 Qxf4+ 55. Ke1 Qxb4+ 56. Kf1 Qf4+ 57. Ke1 Qg3+ 58. Kf1 Qf3+ 59. Ke1 Qh1 60. Kf1 g5 61. Nf6+ Kg7 62. Rf2 Kg6 63. c3 Kh6 64. Ng4+ Kh5 65. Ne3 g4 66. Nf5 Kg5 67. Ng3 Qf3 68. Rxf3 gxf3 69. Be3+ Kg4 70. Kf2 h2 71. Nh1 1-0

[Event "CZE-chT1E 0910"]
[Site "Czech Republic"]
[Date "2009.10.10"]
[Round "4.4"]
[White "Zwardon, Vojtech"]
[Black "Bolacky, Jiri"]
[Result "1/2-1/2"]
[WhiteElo "2257"]
[BlackElo "2248"]
[PlyCount "40"]
[EventDate "2009.11.15"]
[EventType "team-tourn"]
[EventRounds "11"]
[EventCountry "CZE"]
[SourceTitle "EXT 2011"]
[Source "ChessBase"]
[SourceDate "2010.11.26"]
[SourceVersion "1"]
[SourceVersionDate "2010.11.26"]
[SourceQuality "1"]
[WhiteTeam "Karvina"]
[BlackTeam "Poruba"]
[WhiteTeamCountry "CZE"]
[BlackTeamCountry "CZE"]

1. f4 g6 2. Nf3 d5 3. g3 Bg7 4. Bg2 Nh6 5. 0-0 0-0 6. d3 c6 7. c3 Qb6+ 8. Kh1 Ng4 9. d4 Bf5 10. Nh4 Be4 11. Bxe4 dxe4 12. h3 Nf6 13. Qc2 c5 14. e3 Qe6 15. Kh2 Nbd7 16. Nd2 Qc6 17. Ng2 h5 18. a4 Rfc8 19. Qb1 c4 20. b3 cxb3 1/2-1/2

[Event "CZE-chT1E 0809"]
[Site "Czech Republic"]
[Date "2009.03.15"]
[Round "10.8"]
[White "Pridal, Ondrej"]
[Black "Bolacky, Jiri"]
[Result "0-1"]
[WhiteElo "2221"]
[BlackElo "2214"]
[PlyCount "132"]
[EventDate "2008.11.08"]
[EventType "team-tourn"]
[EventRounds "11"]
[EventCountry "CZE"]
[SourceTitle "EXT 2010"]
[Source "ChessBase"]
[SourceDate "2010.11.25"]
[SourceVersion "1"]
[SourceVersionDate "2010.11.25"]
[SourceQuality "1"]
[WhiteTeam "Brno Duras"]
[BlackTeam "Poruba Slavoj"]
[WhiteTeamCountry "CZE"]
[BlackTeamCountry "CZE"]

1. e4 c5 2. c3 Nf6 3. e5 Nd5 4. d4 cxd4 5. Nf3 d6 6. Bc4 Nb6 7. Bb3 Nc6 8. exd6 Qxd6 9. 0-0 d3 10. Na3 Bf5 11. Nb5 Qd7 12. Bf4 e5 13. Bxe5 0-0-0 14. a4 Bg4 15. Bg3 Qf5 16. Re1 Nd5 17. Nbd4 Nxd4 18. cxd4 Bd6 19. Qc1+ Kb8 20. Ne5 Bc7 21. Qd2 Be2 22. Rac1 Rhe8 23. Bxd5 Rxd5 24. Rxc7 Kxc7 25. Nxd3+ Kd8 26. Rxe2 Rxe2 27. Qxe2 Rxd4 28. Ne1 Qe6 29. Qf1 Rxa4 30. Qd3+ Ke7 31. f3 Ra1 32. Kf1 Qa6 33. Ke2 Ra2 34. Kf1 Rxb2 35. Qxa6 bxa6 36. Bf2 Rd2 37. Bxa7 a5 38. Be3 Ra2 39. Nd3 a4 40. Nc1 Rb2 41. h4 Ke6 42. Bc5 Kd5 43. Ba3 Rc2 44. Nd3 Rc3 45. Nf4+ Kc4 46. Bb2 a3 47. Bxa3 Rxa3 48. Kf2 Kd4 49. Kg3 Ke5 50. Nh5 g6 51. Nf4 h5 52. Nh3 Ra4 53. Nf2 Rd4 54. Nh3 Kf5 55. Nf2 f6 56. Nh3 g5 57. hxg5 fxg5 58. Ng1 Rd2 59. Nh3 Ra2 60. Ng1 Rb2 61. Nh3 g4 62. fxg4+ hxg4 63. Ng1 Kg5 64. Kh2 Kh4 65. Kh1 Kg3 66. Ne2+ Rxe2 0-1

[Event "CZE-chT1E 0809"]
[Site "Czech Republic"]
[Date "2009.03.01"]
[Round "9.7"]
[White "Mesiarik, Rudolf"]
[Black "Bolacky, Jiri"]
[Result "1/2-1/2"]
[WhiteElo "2135"]
[BlackElo "2214"]
[PlyCount "26"]
[EventDate "2008.11.08"]
[EventType "team-tourn"]
[EventRounds "11"]
[EventCountry "CZE"]
[SourceTitle "EXT 2010"]
[Source "ChessBase"]
[SourceDate "2010.11.25"]
[SourceVersion "1"]
[SourceVersionDate "2010.11.25"]
[SourceQuality "1"]
[WhiteTeam "Rychnov nad Kneznou"]
[BlackTeam "Poruba Slavoj"]
[WhiteTeamCountry "CZE"]
[BlackTeamCountry "CZE"]

1. Nf3 c5 2. c4 Nc6 3. g3 Nf6 4. Bg2 d5 5. cxd5 Nxd5 6. Nc3 Nc7 7. 0-0 e5 8. d3 Be7 9. Nd2 0-0 10. Nc4 Bf6 11. Ne4 Be7 12. Nc3 Bf6 13. Ne4 Be7 1/2-1/2